000 00513ntaaa2200193 4500
003 01
005 20251027202245.0
008 0714s1973 ag 01
040 _aAR-BaBN
_bspa
_cAR-BaBN
_eaacr
_dRIC
082 _a268.4300 P27
100 _aPatterson, Pauline G. de
245 _aEstudios bíblicos para niños
250 _a1 ed.
260 _aEl Paso :
_bCasa Bautista de Publicaciones,
_c1972
300 _a136 p
500 _aLibro del maestro
650 _aniños-historias bíblicos
_920959
942 _cBK
999 _c17352
_d17352